<?xml version="1.0" encoding="UTF-8"?>
<marc:record xmlns:marc="http://www.loc.gov/MARC21/slim">
   <marc:leader>00000nam a2200000 a 4500</marc:leader>
   <marc:datafield ind1="1" ind2=" " tag="100">
      <marc:subfield code="a">Lange, Igor</marc:subfield>
   </marc:datafield>
   <marc:datafield ind1="1" ind2=" " tag="100">
      <marc:subfield code="a">Fuchser, Anna</marc:subfield>
      <marc:subfield code="4">aut</marc:subfield>
      <marc:subfield code="e">Verfasser/-in</marc:subfield>
   </marc:datafield>
   <marc:datafield ind1=" " ind2=" " tag="653">
      <marc:subfield code="a">Bilderbuch</marc:subfield>
   </marc:datafield>
   <marc:datafield ind1=" " ind2=" " tag="653">
      <marc:subfield code="a">Erzählerische Bilderbücher</marc:subfield>
   </marc:datafield>
   <marc:datafield ind1=" " ind2=" " tag="653">
      <marc:subfield code="a">Geschenk für Kinder</marc:subfield>
   </marc:datafield>
   <marc:datafield ind1=" " ind2=" " tag="653">
      <marc:subfield code="a">entdecken</marc:subfield>
   </marc:datafield>
   <marc:datafield ind1=" " ind2=" " tag="653">
      <marc:subfield code="a">sprechen</marc:subfield>
   </marc:datafield>
   <marc:datafield ind1=" " ind2=" " tag="653">
      <marc:subfield code="a">erfinden</marc:subfield>
   </marc:datafield>
   <marc:datafield ind1=" " ind2=" " tag="653">
      <marc:subfield code="a">Rätsel</marc:subfield>
   </marc:datafield>
   <marc:datafield ind1=" " ind2=" " tag="653">
      <marc:subfield code="a">Spiele</marc:subfield>
   </marc:datafield>
   <marc:datafield ind1=" " ind2=" " tag="653">
      <marc:subfield code="a">knobeln</marc:subfield>
   </marc:datafield>
   <marc:datafield ind1=" " ind2=" " tag="653">
      <marc:subfield code="a">mitmachen</marc:subfield>
   </marc:datafield>
   <marc:datafield ind1=" " ind2=" " tag="653">
      <marc:subfield code="a">Kreativität</marc:subfield>
   </marc:datafield>
   <marc:datafield ind1=" " ind2=" " tag="653">
      <marc:subfield code="a">Konzentration</marc:subfield>
   </marc:datafield>
   <marc:datafield ind1=" " ind2=" " tag="653">
      <marc:subfield code="a">Merkfähigkeit</marc:subfield>
   </marc:datafield>
   <marc:datafield ind1=" " ind2=" " tag="653">
      <marc:subfield code="a">Aufnahmefunktion</marc:subfield>
   </marc:datafield>
   <marc:datafield ind1=" " ind2=" " tag="653">
      <marc:subfield code="a">ab 6 Jahren</marc:subfield>
   </marc:datafield>
   <marc:datafield ind1=" " ind2=" " tag="653">
      <marc:subfield code="a">tiptoi® CREATE</marc:subfield>
   </marc:datafield>
   <marc:datafield ind1=" " ind2=" " tag="653">
      <marc:subfield code="a">interaktiv</marc:subfield>
   </marc:datafield>
   <marc:datafield ind1="0" ind2="0" tag="245">
      <marc:subfield code="a">Die verrückte Weltreise</marc:subfield>
   </marc:datafield>
   <marc:datafield ind1="0" ind2="0" tag="245">
      <marc:subfield code="c">Fuchser, Anna</marc:subfield>
   </marc:datafield>
   <marc:datafield ind1=" " ind2="1" tag="264">
      <marc:subfield code="a">Ravensburg</marc:subfield>
      <marc:subfield code="b">Ravensburger</marc:subfield>
   </marc:datafield>
   <marc:datafield ind1="1" ind2=" " tag="490">
      <marc:subfield code="a">Tiptoi create</marc:subfield>
   </marc:datafield>
   <marc:datafield ind1="1" ind2=" " tag="520">
      <marc:subfield code="a">Reise um die Welt und finde Onkel Henry!&#xD;
&#xD;
Als die Kinder Lily und Leo einen geheimnisvollen Hilferuf erhalten, beginnt ein spannendes Abenteuer rund um die Welt. Im Buch befinden sich zahlreiche Aufnahmezeichen. Hier leihen die Kinder den abgebildeten Figuren ihre Stimme: Sie erfinden Geräusche, erzählen Geschichten, vervollständigen Reime, wiederholen Zungenbrecher oder singen Lieder. Spannende Rätsel und Spiele laden dabei zum Knobeln und Mitmachen ein. &#xD;
&#xD;
tiptoi CREATE fördert die Kreativität! &#xD;
Mit der Produktreihe für den tiptoi-Stift mit Aufnahmefunktion gestalten Kinder ab 6 Jahren fantasievoll und interaktiv ihre eigene tiptoi-Welt. &#xD;
Die detailreichen Illustrationen der Produkte werden durch überraschende Geräusche und witzige Dialoge lebendig. In den CREATE-Büchern und Spielen gibt es zahlreiche Anregungen zum Geschichten erzählen, Geräusche ausdenken, Lieder singen oder Spiele erfinden. So werden die Kinder mit ihren eigenen Sprachaufnahmen zur Heldin oder zum Helden ihres Abenteuers. Es entsteht ein individuelles Buch oder Spiel, das immer wieder mit neuen Ideen verändert werden kann.&#xD;
&#xD;
Funktioniert nur mit dem tiptoi-Stift mit Aufnahmefunktion. Stift muss separat erworben werden.</marc:subfield>
   </marc:datafield>
   <marc:datafield ind1=" " ind2=" " tag="020">
      <marc:subfield code="a">9783473554171</marc:subfield>
      <marc:subfield code="9">9783473554171</marc:subfield>
   </marc:datafield>
   <marc:datafield ind1=" " ind2=" " tag="020">
      <marc:subfield code="a">3473554170</marc:subfield>
      <marc:subfield code="9">3473554170</marc:subfield>
   </marc:datafield>
   <marc:datafield ind1=" " ind2=" " tag="041">
      <marc:subfield code="a">ger</marc:subfield>
   </marc:datafield>
   <marc:datafield ind1="1" ind2=" " tag="521">
      <marc:subfield code="a">Vorschulkind</marc:subfield>
   </marc:datafield>
   <marc:datafield ind1=" " ind2=" " tag="338">
      <marc:subfield code="a">Band</marc:subfield>
   </marc:datafield>
   <marc:datafield ind1=" " ind2=" " tag="300">
      <marc:subfield code="a">16 ungezählte Seiten</marc:subfield>
   </marc:datafield>
</marc:record>
